Pharmaceutical calculations. (Record no. 4862)
[ view plain ]
| 000 -LEADER | |
|---|---|
| fixed length control field | 01003cam a22002894a 4500 |
| 001 - CONTROL NUMBER | |
| control field | 14118534 |
| 005 - DATE AND TIME OF LATEST TRANSACTION | |
| control field | 20250315110426.0 |
| 008 - FIXED-LENGTH DATA ELEMENTS--GENERAL INFORMATION | |
| fixed length control field | 050923s2006 paua b 001 0 eng |
| 020 ## - INTERNATIONAL STANDARD BOOK NUMBER | |
| International Standard Book Number | 9780781762656 |
| 050 00 - LIBRARY OF CONGRESS CALL NUMBER | |
| Classification number | RS57 |
| Item number | .S86 2006 |
| 082 00 - DEWEY DECIMAL CLASSIFICATION NUMBER | |
| Classification number | 615/.1401513 |
| Edition information | 22 |
| 100 1# - MAIN ENTRY--PERSONAL NAME | |
| Personal name | Ansel, Howard C., |
| Dates associated with a name | 1933- |
| 245 10 - TITLE STATEMENT | |
| Title | Pharmaceutical calculations. |
| Statement of responsibility, etc. | Howard C. Ansel, Mitchell J. Stoklosa. |
| 250 ## - EDITION STATEMENT | |
| Edition statement | 12th ed. / |
| 260 ## - PUBLICATION, DISTRIBUTION, ETC. | |
| Place of publication, distribution, etc. | Philadelphia : |
| Name of publisher, distributor, etc. | Lippincott Williams & Wilkins, |
| Date of publication, distribution, etc. | c2006. |
| 300 ## - PHYSICAL DESCRIPTION | |
| Extent | xvi, 425 p. : |
| Other physical details | ill. ; |
| Dimensions | 27 cm. |
| 650 #0 - SUBJECT ADDED ENTRY--TOPICAL TERM | |
| Topical term or geographic name entry element | Pharmaceutical arithmetic. |
| 650 12 - SUBJECT ADDED ENTRY--TOPICAL TERM | |
| Topical term or geographic name entry element | Pharmacy. |
| 650 12 - SUBJECT ADDED ENTRY--TOPICAL TERM | |
| Topical term or geographic name entry element | Weights and Measures. |
| 650 22 - SUBJECT ADDED ENTRY--TOPICAL TERM | |
| Topical term or geographic name entry element | Dosage Forms. |
| 650 22 - SUBJECT ADDED ENTRY--TOPICAL TERM | |
| Topical term or geographic name entry element | Drug Compounding. |
| 650 22 - SUBJECT ADDED ENTRY--TOPICAL TERM | |
| Topical term or geographic name entry element | Mathematics. |
| 700 1# - ADDED ENTRY--PERSONAL NAME | |
| Personal name | Stoklosa, Mitchell J. |
| 856 42 - ELECTRONIC LOCATION AND ACCESS | |
| Materials specified | Publisher description |
| Uniform Resource Identifier | <a href="http://www.loc.gov/catdir/enhancements/fy0713/2005044700-d.html">http://www.loc.gov/catdir/enhancements/fy0713/2005044700-d.html</a> |
| 856 41 - ELECTRONIC LOCATION AND ACCESS | |
| Materials specified | Table of contents only |
| Uniform Resource Identifier | <a href="http://www.loc.gov/catdir/enhancements/fy1010/2005044700-t.html">http://www.loc.gov/catdir/enhancements/fy1010/2005044700-t.html</a> |
| 942 ## - ADDED ENTRY ELEMENTS (KOHA) | |
| Source of classification or shelving scheme | Library of Congress Classification |
| Koha item type | Books |
| Edition | 12th ed. |
| Suppress in OPAC | No |
| 999 ## - | |
| -- | 4862 |
| -- | 4862 |
| Withdrawn status | Lost status | Source of classification or shelving scheme | Damaged status | Not for loan | Collection | Home library | Current library | Shelving location | Date acquired | Total checkouts | Full call number | Barcode | Date last seen | Copy number | Price effective from | Koha item type |
|---|---|---|---|---|---|---|---|---|---|---|---|---|---|---|---|---|
| Library of Congress Classification | Non-fiction | Science Library (Miotso) | Science Library (Miotso) | General stacks | 03/15/2025 | RS57 .S86 ANS | SLM00004319 | 03/15/2025 | 1 | 03/15/2025 | Books | |||||
| Library of Congress Classification | Non-fiction | Science Library (Miotso) | Science Library (Miotso) | General stacks | 03/15/2025 | RS57 .S86 ANS | SLM00004320 | 03/15/2025 | 2 | 03/15/2025 | Books | |||||
| Library of Congress Classification | Non-fiction | Science Library (Miotso) | Science Library (Miotso) | General stacks | 03/15/2025 | RS57 .S86 ANS | SLM00004321 | 03/15/2025 | 3 | 03/15/2025 | Books | |||||
| Library of Congress Classification | Non-fiction | Science Library (Miotso) | Science Library (Miotso) | General stacks | 03/15/2025 | RS57 .S86 ANS | SLM00004322 | 03/15/2025 | 4 | 03/15/2025 | Books | |||||
| Library of Congress Classification | Non-fiction | Science Library (Miotso) | Science Library (Miotso) | General stacks | 03/15/2025 | RS57 .S86 ANS | SLM00004323 | 03/15/2025 | 5 | 03/15/2025 | Books |